Statistics for Top 5 most Spoken Languages in every Region in the Americas

Click here to take the quiz!

General Stats

  • This quiz has been taken 78 times
  • The average score is 17 of 25

Answer Stats

Answer% Correct
English
99%
English
99%
English
99%
English
99%
English
99%
Spanish
97%
Spanish
97%
Spanish
97%
Spanish
97%
Spanish
97%
French
93%
French
93%
French
93%
German
91%
Portuguese
88%
Dutch
74%
Italian
70%
Creole
46%
Japanese
41%
Korean
28%
Mayan
28%
Native
7%
Native
7%
Native
7%
French Creole
4%

Score Distribution

Percentile by Number Answered

Percent of People with Each Score

Your Score History

You have not taken this quiz